Normal view
MARC view
Entry Nome pessoal
001 - NÚMERO DE CONTROLE
- campo de controle: 1030
003 - IDENTIFICADOR DO NÚMERO DE CONTROLE
- campo de controle: Br
005 - DATA E HORÁRIO DA ÚLTIMA TRANSAÇÃO
- campo de controle: 20250902143401.0
008 - CAMPO DE DADOS FIXOS
- campo de controle de tamanho fixo: 980330|| acnnnaab| aaaa d
035 ## - NÚMERO DE CONTROLE DO SISTEMA
- Número de Controle do Sistema: 97081120125946050
040 ## - FONTE DA CATALOGAÇÃO
- Instituição da catalogação original: Br
- Instituição que transcreveu o registro: Br
- Idioma da catalogação: por
100 1# - CABEÇALHO--NOME PESSOAL
- Nome pessoal: Azevedo, Ricardo,
- Datas associadas ao nome: 1949-
400 1# - REMISSIVA VER--NOME PESSOAL
- Nome pessoal: Azevedo, Ricardo José Duff
- Datas associadas ao nome: 1949-
400 1# - REMISSIVA VER--NOME PESSOAL
- Nome pessoal: Duff Azevedo, Ricardo José
- Datas associadas ao nome: 1949-
670 ## - FONTE POSITIVA DOS DADOS
- Citação da fonte positiva dos dados: Autor de: Moça formosa... 1986
- Dados encontrados na fonte localizada no subcampo: (ficha cat.: d.n.)
670 ## - FONTE POSITIVA DOS DADOS
- Citação da fonte positiva dos dados: Ilustr. bras. lit. inf. e juv., 1989
- Dados encontrados na fonte localizada no subcampo: (d.n., n.c.)
670 ## - FONTE POSITIVA DOS DADOS
- Citação da fonte positiva dos dados: http://authorities.loc.gov 19/9/2018
- Dados encontrados na fonte localizada no subcampo: (nasceu em 1949, em São Paulo; escritor e ilustrador; rem.)
670 ## - FONTE POSITIVA DOS DADOS
- Citação da fonte positiva dos dados: http://viaf.org/processed/BNF%7C15650791
- Dados encontrados na fonte localizada no subcampo: (escritor e ilustrador; d.n.)
670 ## - FONTE POSITIVA DOS DADOS
- Citação da fonte positiva dos dados: Seu: O livro das casas. 2015
- Dados encontrados na fonte localizada no subcampo: (Encarte: formado em Comunicaçao Visual pela Faculdade de Artes Plásticas da FAAP-Fundação Armando Álvares Penteado; vencedor do Prêmio Jaburi; doutor em Letras pela USP; pesquisador)